Guess the MHA Characters Hero Name? - Statistics

General Stats
  • This quiz has been taken 631 times
  • The average score is 17 of 27
Answer Stats
Hint Answer % Correct
Izuku Midoryia Deku
92%
Eijiro Kirishima Red Riot
87%
Tsuyu Asui Froppy
82%
Shoto Todoroki Shoto
82%
Ochaco Uraraka Uravity
81%
Mina Ashido Pinky
79%
Shota Aizawa Eraser Head
75%
Yagi Toshinori All Might
71%
Momo Yaoyorozu Creati
70%
Tenya Iida Ingenium
69%
Tensei Iida Ingenium
69%
Kyoka Jiro Earphone Jack
67%
Denki Kaminari Chargebolt
65%
Mashirao Ojiro Tailman
64%
Hizashi Yamada Present Mic
63%
Keigo Takami Hawks
62%
Toru Hagakure Invisible Girl
59%
Nemuri Kayama Midnight
58%
Minoru Mineta Grape Juice
56%
Katsuki Bakugo Dynamight
55%
Rikido Sato Sugarman
54%
Hanta Sero Cellophane
51%
Koji Koda Anima
47%
Yuga Aoyama Can't Stop Twinkling
46%
Fumikage Tokoyami Tsukuyomi
37%
Tsunagu Hakamada Best Jeanist
35%
Mezo Shoji Tentacole
34%
No matching quizzes found
Score Distribution
Percent of People with Each Score
Percentile by Number Answered
Your Score History
You have not taken this quiz